000 00587cam a2200217ua 4500
005 20260515114832.0
008 200213n ii |||gr||||Z||||||eng
020 _a8178351722
040 _cMAIN
_aIN-DiNC
041 _deng
082 _a305.4
_bJAI
100 _aJain, Simmi
_eauthor
245 _aEncyclopaedia of Indian women through the ages :
_bancient India /
_cBy Simmi Jain .
250 _aV.1.
260 _aDelhi:
_bKalpaz publications,
_c2011.
300 _a274p.
650 _aWomen
650 _aWomen in ancient India
653 _aSocial groups
942 _cBK
_2ddc
999 _c10833
_d10833